Noms des bébés animaux incroyables - Statistiques

Statistiques générales
  • Ce quiz a été pris 490 fois
  • Le résultat moyen est 8 sur 20
Statistiques - réponses
Hint Réponse % Correct
Le bébé de la girafe girafeau/girafon
88%
Le bébé du sanglier marcassin
80%
Le bébé de l'aigle aiglon
77%
Le bébé du dindon dindonneau
70%
Le bébé de la grenouille têtard
69%
Le bébé du zèbre zébron
65%
Le bébé du gorille gorillon
51%
Le bébé du léopard léopardeau
47%
Le bébé du serpent serpenteau
45%
Le bébé du guépard guépardeau
42%
Le bébé du chameau chamelon
32%
Le bébé du cygne cygneau
32%
Le bébé du raton-laveur ratonneau
14%
Le bébé du corbeau corbillat
12%
Le bébé de l'orque veau
11%
Le bébé du phoque blanchon
10%
Le bébé de l'anguillle civelle
9%
Le bébé du lama cria
8%
Le bébé du dromadaire dromelon
8%
Le bébé du singe guenuche/guenaud
8%
Aucun quiz correspondant
Distribution des résultats
% des personnes avec chaque résultat
Percentile par nombre de réponses
Votre historique - résultats
Vous n’avez pas pris ce quiz